Statistics for Top 25 Nba players of 2016-2017

Click here to take the quiz!

General Stats

  • This quiz has been taken 7,495 times
  • The average score is 17 of 25

Answer Stats

#Answer% Correct
2LeBron James
100%
1Stephen Curry
99%
3Kevin Durant
97%
4Russell Westbrook
93%
8James Harden
88%
11Klay Thompson
85%
7Kyrie Irving
85%
6Kawhi Leonard
81%
17Draymond Green
79%
10Chris Paul
78%
9Anthony Davis
75%
5Paul George
69%
13DeMarcus Cousins
64%
22Blake Griffin
62%
12Damian Lillard
61%
18Dwayne Wade
60%
16Carmelo Anthony
59%
14Jimmy Butler
58%
15John Wall
58%
21DeMar Derozan
57%
19Kyle Lowry
57%
23Karl-Anthony Towns
49%
25LaMarcus Aldridge
41%
24Kemba Walker
36%
20Andre Drummond
32%

Score Distribution

Percentile by Number Answered

Percent of People with Each Score

Your Score History

You have not taken this quiz